Boston Legal Characters by Episode Count - Statistics

General Stats
  • This quiz has been taken 40 times
  • The average score is 12 of 16
Answer Stats
Hint Answer % Correct
101 Alan Shore
100%
101 Denny Crane
100%
91 Shirley Schmidt
100%
50 Jerry Espenson
90%
71 Paul Lewiston
90%
70 Brad Chase
87%
52 Denise Bauer
85%
36 Clarence Bell
74%
33 Carl Sack
67%
33 Katie Lloyd
67%
20 Tara Wilson
67%
23 Claire Simms
54%
21 Lori Colson
54%
24 Clark Brown
46%
18 Bethany Horowitz
41%
20 Lorraine Weller
38%
No matching quizzes found
Score Distribution
Percent of People with Each Score
Percentile by Number Answered
Your Score History
You have not taken this quiz